047_ Personnalités nées un 16 février par images - Statistiques

Statistiques générales
  • Ce quiz a été pris 31 fois
  • Le résultat moyen est 3 sur 9
Statistiques - réponses
Par images Hint Réponse % Correct
Chanteur The Weeknd
90%
Actrice Géraldine Nakache
52%
Dirigeant Politique Kim Jong-il
52%
Pilote de moto Valentino Rossi
48%
Homme d'affaires Richard McDonald
42%
Chanteuse Ava Max
32%
Journaliste Élisabeth Lévy
29%
Acteur Mack Swain
0%
Basketteur Oscar Schmidt
0%
Aucun quiz correspondant
Distribution des résultats
% des personnes avec chaque résultat
Percentile par nombre de réponses
Votre historique - résultats
Vous n’avez pas pris ce quiz